UBT Library

NUTRITION COMPETENCY GUIDE (Record no. 59885)

000 -LEADER
fixed length control field 00319nam a22001457a 4500
008 - FIXED-LENGTH DATA ELEMENTS--GENERAL INFORMATION
fixed length control field 230531b ||||| |||| 00| 0 eng d
020 ## - INTERNATIONAL STANDARD BOOK NUMBER
International Standard Book Number 9780132283861
041 ## - LANGUAGE CODE
Language code of text/sound track or separate title eng
080 ## - UNIVERSAL DECIMAL CLASSIFICATION NUMBER
Universal Decimal Classification number 615
082 ## - DEWEY DECIMAL CLASSIFICATION NUMBER
Classification number 615NRA
100 ## - Rafti
Rafti 16
101 ## - Shkurtesa
Shkurtesa EGZM
245 ## - TITLE STATEMENT
Title NUTRITION COMPETENCY GUIDE
Statement of responsibility, etc NRAEF M F
942 ## - ADDED ENTRY ELEMENTS (KOHA)
Source of classification or shelving scheme
Item type Books
Holdings
Withdrawn status Lost status Source of classification or shelving scheme Damaged status Not for loan Permanent location Current location Date acquired Total Checkouts Full call number Barcode Date last seen Price effective from Koha item type Collection code
          UBT - Lipjan UBT - Lipjan 05/31/2023   615NRA 002-800080451 05/31/2023 05/31/2023 Books  
          UBT - Lipjan UBT - Lipjan 06/13/2023   615NRA 002-800080546 06/13/2023 06/13/2023 Books Koleksioni i përgjithshem
UBT Library © 2015-2024. All rights reserved University Education for Business and Technology